1359 1970 1248 1913 1992 1011 1991 1224 1666 1079 1742 1257 1092 1601 1606 1212 1215 1332 1477 1520 1418 1450 1180 1126 1238 1346 1645 1511 1704 1130 1561 1275 1524 1239 1852 1470 1290 1678 1594 1317 1010 1813 1266 1392 1435 1280 1865 1772 1162 1391 1770 1284 1782 1531 1766 1207 1511 1430 1343 1748 1344 1775 1583 1598 1558 1761 1850 1387 1005 1006 1766 1547 1234 1053 1799 1356 1829 1352 1677 1157 1939 1562 1963 1420 1867 1740 1640 1909 1263 1451 1763 1205 1937 1003 1507 1848 1078 1233 1358 BCNSPRNW ULIB Ver.6.0+V

เปลี่ยนเป็นภาษาไทย

Change to English
 แสดงรายละเอียดบรรณานุกรม
  กลับหน้าหลัก

Brief Record : Get Marc (ISO 2709) : E-mail record : QR code < ปิดหน้าต่าง
LEADER : 00000nam 2200000uu 4500
001    13399119999
003     ULIB
008    120821s2550||||th 000 0 tha d
020    9789740582687
099    นว.^bอ943ร
100 0  Andra
245 00 รักนี้(ไม่)กำมะลอ^cAndra
945    ^p219^l0^i15023
999    ^aใช้งานได้ทุกระบบ
รายการนี้ยังไม่มีแท็ก
คุณยังไม่ได้ล็อกอิน คุณสามารถมีกิจกรรมร่วมกับเว็บไซต์ได้ แต่ต้องล็อกอินก่อน ::
  ล็อกอิน

รายการสื่อสารสนเทศ

ลำดับที่ ประเภท เลขเรียก/บาร์โค้ด สถานที่ สถานะ
1. วิทยาศาสตร์การแพทย์ และสุขภาพ
วิทยาศาสตร์การแพทย์ และสุขภาพ
นว. อ943ร  
  Barcode: 15023
ห้องสมุดวิทยาเขตสวรรค์ประชารักษ์
►นวนิยาย
บนชั้น
  ขอยืม

รายการใกล้เคียง
    ผู้แต่ง [Andra]

BibComment


ยังไม่เคยถูกคอมเมนท์

คอมเมนท์ทรัพยากรรายการนี้
  คอมเมนท์: รักนี้ไม่กำมะลอ A..


 Copyright 2026. Bcnsprnw @Library